New data on perillus bioculatus (Heteroptera Pentatomidae) in Serbia: do climate change and a new food source contribute to the true bug expansion? /

Elmentve itt :
Bibliográfiai részletek
Szerzők: Bojana Nadazdin
Šeat Jelena
Dokumentumtípus: Cikk
Megjelent: 2022
Sorozat:ACTA ENTOMOLOGICA SERBICA 27 No. 2
Tárgyszavak:
doi:10.5281/zenodo.7225252

mtmt:33804321
Online Access:http://publicatio.bibl.u-szeged.hu/39935
LEADER 00832nab a2200217 i 4500
001 publ39935
005 20260420102258.0
008 260420s2022 hu o 000 eng d
022 |a 0354-9410 
024 7 |a 10.5281/zenodo.7225252  |2 doi 
024 7 |a 33804321  |2 mtmt 
040 |a SZTE Publicatio Repozitórium  |b hun 
041 |a eng 
100 1 |a Bojana Nadazdin 
245 1 0 |a New data on perillus bioculatus (Heteroptera  |h [elektronikus dokumentum] :  |b Pentatomidae) in Serbia: do climate change and a new food source contribute to the true bug expansion? /  |c  Bojana Nadazdin 
260 |c 2022 
300 |a 83-90 
490 0 |a ACTA ENTOMOLOGICA SERBICA  |v 27 No. 2 
650 4 |a Biológiai tudományok 
700 0 1 |a Šeat Jelena  |e aut 
856 4 0 |u http://publicatio.bibl.u-szeged.hu/39935/1/AES27-NadazdinSeat2022Perillus.pdf  |z Dokumentum-elérés